000 00910cam a22002531 4500
001 l 48000142
003 DLC
005 20260227111541.0
008 760820s1947 sz i000 0 eng
010 _al 48000142
035 _a(OCoLC)2385403
040 _aDLC
_cNSbSU
_dNSbSU
_dDLC
042 _apremarc
050 0 0 _aHD9710.A2
_bI5
082 _a338.476292
110 2 _aInternational Labour Office
245 1 0 _aRegularisation of production and employment at a high level:
_bthe automobile industry. Second item on the agenda.
260 _aGeneva,
_c1947.
300 _aiv, 74 p.
_c24 cm.
500 _aAt head of title: Report 2. International Labour Organisation. Metal Trades Committee. 2d sess., Stockholm, 1947.
650 0 _aAutomobile industry and trade
650 0 _aAutomobile industry and trade
_zUnited States
710 2 _aInternational Labour Organisation.
_bMetal Trades Committee.
999 _c36629
_d36629